99 Names of Allah - Statistics

General Stats
  • This quiz has been taken 1,268 times
  • The average score is 26 of 99
Answer Stats
S No. Hint Answer Arabic % Correct
1 The Most or Entirely Merciful AR-RAHMAAN ٱلْرَّحْمَـانُ
89%
2 The Bestower of Mercy AR-RAHEEM ٱلْرَّحِيْمُ
82%
3 The King and Owner of Dominion AL-MALIK ٱلْمَلِكُ
80%
4 The Absolutely Pure AL-QUDDUS ٱلْقُدُّوسُ
65%
5 The Perfection and Giver of Peace AS-SALAM ٱلْسَّلَامُ
62%
9 The Compeller, The Restorer AL-JABBAR ٱلْجَبَّارُ
56%
8 The All Mighty AL-AZEEZ ٱلْعَزِيزُ
54%
6 The One Who gives Emaan and Security AL-MU’MIN ٱلْمُؤْمِنُ
53%
36 The Most High, The Exalted AL-‘ALEE ٱلْعَلِيُّ
49%
7 The Guardian, The Witness, The Overseer AL-MUHAYMIN ٱلْمُهَيْمِنُ
48%
10 The Supreme, The Majestic AL-MUTAKABBIR ٱلْمُتَكَبِّرُ
45%
14 The All- and Oft-Forgiving AL-GHAFFAR ٱلْغَفَّارُ
44%
11 The Creator, The Maker AL-KHAALIQ ٱلْخَالِقُ
42%
17 The Provider AR-RAZZAAQ ٱلْرَّزَّاقُ
42%
12 The Originator AL-BAARI’ ٱلْبَارِئُ
41%
13 The Fashioner AL-MUSAWWIR ٱلْمُصَوِّرُ
40%
18 The Opener, The Judge AL-FATTAAH ٱلْفَتَّاحُ
39%
51 The Absolute Truth AL-HAQQ ٱلْحَقُّ
39%
16 The Giver of Gifts AL-WAHHAAB ٱلْوَهَّابُ
39%
19 The All-Knowing, The Omniscient AL-‘ALEEM ٱلْعَلِيمُ
37%
26 The All-Hearing AS-SAMEE’ ٱلْسَّمِيعُ
37%
15 The Subduer, The Ever-Dominating AL-QAHHAR ٱلْقَهَّارُ
36%
34 The Forgiving, The Exceedingly Forgiving AL-GHAFOOR ٱلْغَفُورُ
34%
42 The Most Generous, The Most Esteemed AL-KAREEM ٱلْكَرِيمُ
34%
46 The All-Wise AL-HAKEEM ٱلْحَكِيمُ
33%
29 The Utterly Just AL-‘ADL ٱلْعَدْلُ
32%
27 The All-Seeing AL-BASEER ٱلْبَصِيرُ
32%
30 The Subtle One, The Most Gentle AL-LATEEF ٱلْلَّطِيفُ
32%
67 The Unique, The Only One AL-AHAD ٱلْأَحَد
31%
21 The Extender AL-BAASIT ٱلْبَاسِطُ
31%
66 The One AL-WAAHID ٱلْوَاحِدُ
31%
79 The Source of Goodness, the Kind Benefactor AL-BARR ٱلْبَرُّ
29%
28 The Judge, The Giver of Justice AL-HAKAM ٱلْحَكَمُ
29%
93 The Light, The Illuminator AN-NUR ٱلْنُّورُ
28%
74 The Last AL-AAKHIR ٱلْآخِرُ
26%
73 The First AL-AWWAL ٱلأَوَّلُ
26%
62 The Ever-Living AL-HAYY ٱلْحَىُّ
26%
23 The Exalter, The Elevator AR-RAAFI’ ٱلْرَّافِعُ
26%
68 The Eternal, Satisfier of Needs AS-SAMAD ٱلْصَّمَدُ
26%
31 The Acquainted, the All-Aware AL-KHABEER ٱلْخَبِيرُ
25%
24 The Honourer, The Bestower AL-MU’IZZ ٱلْمُعِزُّ
25%
32 The Most Forbearing AL-HALEEM ٱلْحَلِيمُ
24%
37 The Greatest, The Most Grand AL-KABEER ٱلْكَبِيرُ
24%
78 The Self Exalted AL-MUTA’ALI ٱلْمُتَعَالِي
24%
77 The Governor, The Patron AL-WAALI ٱلْوَالِي
24%
65 The Illustrious, the Magnificent AL-MAAJID ٱلْمَاجِدُ
23%
52 The Trustee, The Disposer of Affairs AL-WAKEEL ٱلْوَكِيلُ
23%
56 The Praiseworthy AL-HAMEED ٱلْحَمِيدُ
22%
20 The Withholder AL-QAABID ٱلْقَابِضُ
22%
63 The Sustainer, The Self-Subsisting AL-QAYYOOM ٱلْقَيُّومُ
22%
41 The Majestic AL-JALEEL ٱلْجَلِيلُ
21%
48 The Glorious, The Most Honorable AL-MAJEED ٱلْمَجِيدُ
21%
25 The Dishonourer, The Humiliator AL-MUZIL ٱلْمُذِلُّ
21%
35 The Most Appreciative ASH-SHAKOOR ٱلْشَّكُورُ
21%
99 The Forbearing, The Patient AS-SABOOR ٱلْصَّبُورُ
20%
33 The Magnificent, The Supreme AL-‘ATHEEM ٱلْعَظِيمُ
19%
22 The Reducer, The Abaser AL-KHAAFIDH ٱلْخَافِضُ
19%
69 The Capable, The Powerful AL-QADEER ٱلْقَادِرُ
19%
47 The Most Loving AL-WADOOD ٱلْوَدُودُ
19%
50 The All- and Ever Witnessing ASH-SHAHEED ٱلْشَّهِيدُ
19%
94 The Guide AL-HAADI ٱلْهَادِي
18%
54 The Firm, The Steadfast AL-MATEEN ٱلْمَتِينُ
18%
44 The Responsive One AL-MUJEEB ٱلْمُجِيبُ
18%
53 The All-Strong AL-QAWIYY ٱلْقَوِيُّ
18%
55 The Protecting Associate AL-WALIYY ٱلْوَلِيُّ
18%
84 Master of the Kingdom, Owner of the Dominion MAALIK-UL-MULK مَالِكُ ٱلْمُلْكُ
18%
38 The Preserver, The All-Heedful and All-Protecting AL-HAFEEDH ٱلْحَفِيظُ
17%
60 The Giver of Life AL-MUHYEE ٱلْمُحْيِى
17%
64 The Perceiver AL-WAAJID ٱلْوَاجِدُ
17%
49 The Resurrector, The Raiser of the Dead AL-BA’ITH ٱلْبَاعِثُ
16%
40 The Reckoner, The Sufficient AL-HASEEB ٱلْحَسِيبُ
16%
45 The All-Encompassing, the Boundless AL-WAASI’ ٱلْوَاسِعُ
16%
98 The Guide, Infallible Teacher AR-RASHEED ٱلْرَّشِيدُ
16%
82 The Pardoner AL-‘AFUWW ٱلْعَفُوُّ
15%
95 The Incomparable Originator AL-BADEE’ ٱلْبَدِيعُ
15%
43 The Watchful AR-RAQEEB ٱلْرَّقِيبُ
15%
80 The Ever-Pardoning, The Relenting AT-TAWWAB ٱلْتَّوَّابُ
15%
85 Possessor of Glory and Honour, Lord of Majesty and Generosity DHUL-JALAALI WAL-IKRAAM ذُو ٱلْجَلَالِ وَٱلْإِكْرَامُ
15%
91 The Distresser AD-DHARR ٱلْضَّارُ
14%
96 The Ever-Surviving, The Everlasting AL-BAAQI ٱلْبَاقِي
14%
87 The Gatherer, the Uniter AL-JAAMI’ ٱلْجَامِعُ
14%
76 The Hidden One, Knower of the Hidden AL-BAATIN ٱلْبَاطِنُ
13%
88 The Self-Sufficient, The Wealthy AL-GHANIYY ٱلْغَنيُّ
13%
58 The Originator, The Initiator AL-MUBDI ٱلْمُبْدِئُ
13%
61 The Bringer of Death, the Destroyer AL-MUMEET ٱلْمُمِيتُ
13%
70 The Omnipotent AL-MUQTADIR ٱلْمُقْتَدِرُ
13%
92 The Propitious, the Benefactor AN-NAFI’ ٱلْنَّافِعُ
13%
83 The Most Kind AR-RA’OOF ٱلْرَّؤُفُ
13%
90 The Withholder AL-MANI’ ٱلْمَانِعُ
12%
72 The Delayer, the Retarder AL-MU’AKHKHIR ٱلْمُؤَخِّرُ
12%
57 The All-Enumerating, The Counter AL-MUHSEE ٱلْمُحْصِيُ
12%
59 The Restorer, The Reinstater AL-MU’ID ٱلْمُعِيدُ
12%
39 The Sustainer AL-MUQEET ٱلْمُقِيتُ
12%
97 The Inheritor, The Heir AL-WAARITH ٱلْوَارِثُ
12%
89 The Enricher AL-MUGHNI ٱلْمُغْنِيُّ
11%
81 The Avenger AL-MUNTAQIM ٱلْمُنْتَقِمُ
11%
71 The Expediter, The Promoter AL-MUQADDIM ٱلْمُقَدِّمُ
11%
86 The Equitable, the Requiter AL-MUQSIT ٱلْمُقْسِطُ
10%
75 The Manifest AZ-DHAAHIR ٱلْظَّاهِرُ
10%
No matching quizzes found
Score Distribution
Percent of People with Each Score
Percentile by Number Answered
Your Score History
You have not taken this quiz